000 00578nam a2200205Ia 4500
999 _c43822
_d43822
001 10567
003 GE_BSU
005 20221116145149.0
008 181216s1996en xx |||||||||||||| ||eng||
020 _a0899083587 x
040 _cGE_BSU
041 _aeng
080 _a327.36 B-90
100 _aBruno,Leone.
_915861
245 _aInternationalism: opposing viewpoints
_bThe Isms:Modern Doctrines and Movements /
_cLeone Bruno.
264 _aGreenhaven Press,
_c1986.
300 _a175p.:
_b20 cm.
_cill,
653 _aInternationalism:opposing viewpoints.
942 _cBK
_2udc